[Event "17th 4NCL Congress"]
[Site "Harrogate"]
[Date "2018.01.19"]
[Round "1"]
[Board "1"]
[White "YOON, Jacob D"]
[Black "VAKHIDOV, Jahongir"]
[Result "0-1"]
[WhiteElo "2067"]
[BlackElo "2516"]
[PlyCount "88"]
[EventDate "2018.01.19"]
[EventRounds "5"]
[EventCountry "ENG"]

1. e4 d6 2. d4 Nf6 3. Nc3 g6 4. Nf3 Bg7 5. h3 O-O 6. Be3 c6 7. Be2 b5 8. a3 Qc7
9. O-O Nbd7 10. Qd2 Bb7 11. Bh6 Rfe8 12. Bxg7 Kxg7 13. Rad1 a6 14. Qe3 e5 15.
dxe5 dxe5 16. Nd2 c5 17. a4 b4 18. Ncb1 Nf8 19. Nc4 Rad8 20. Nbd2 Ne6 21. Bd3
Bc6 22. b3 Nd4 23. Rfe1 Nh5 24. Nf3 Nf4 25. Nxd4 Rxd4 26. f3 Red8 27. Be2 Qe7
28. Kh2 Qh4 29. Rxd4 cxd4 30. Qd2 Qe7 31. g3 Nxe2 32. Qxe2 Qc5 33. Qd2 Bxa4 34.
Ne3 dxe3 35. Qxd8 Qxc2+ 36. Kh1 Qf2 37. Qd1 Bxb3 38. Qe2 Qxe2 39. Rxe2 a5 40.
Rxe3 a4 41. Kg1 Bc2 42. Kf2 b3 43. Ke1 b2 44. Kd2 b1=Q 0-1

[Event "17th 4NCL Congress"]
[Site "Harrogate"]
[Date "2018.01.19"]
[Round "1"]
[Board "2"]
[White "ADAIR, James R"]
[Black "ACKLEY, Peter Je"]
[Result "1-0"]
[WhiteElo "2480"]
[BlackElo "2032"]
[PlyCount "59"]
[EventDate "2018.01.19"]
[EventRounds "5"]
[EventCountry "ENG"]

1. e4 g6 2. d4 Bg7 3. Nc3 d6 4. Be3 a6 5. Qd2 b5 6. O-O-O Bb7 7. h4 h5 8. Nh3
Nd7 9. Ng5 Rc8 10. e5 c5 11. e6 fxe6 12. Nxe6 Qa5 13. Nxg7+ Kf7 14. dxc5 b4 15.
Bc4+ Kxg7 16. Nd5 Nxc5 17. Nxe7 Nxe7 18. Qxd6 Nf5 19. Qe5+ Kh7 20. Bxc5 Rhd8
21. Rxd8 Rxd8 22. f3 b3 23. cxb3 Qd2+ 24. Kb1 Qxg2 25. Qc7+ Kh6 26. Rg1 Be4+
27. fxe4 Qxe4+ 28. Ka1 Re8 29. a3 Qxh4 30. Rxg6+ 1-0

[Event "17th 4NCL Congress"]
[Site "Harrogate"]
[Date "2018.01.19"]
[Round "1"]
[Board "3"]
[White "GRATTAGE, Matthew"]
[Black "WELLS, Peter K"]
[Result "0-1"]
[WhiteElo "2017"]
[BlackElo "2443"]
[PlyCount "60"]
[EventDate "2018.01.19"]
[EventRounds "5"]
[EventCountry "ENG"]

1. d4 Nf6 2. Bf4 c5 3. d5 d6 4. c4 b5 5. cxb5 a6 6. e3 g6 7. Nc3 Bg7 8. bxa6
O-O 9. Bc4 Qa5 10. Qa4 Qxa4 11. Nxa4 Bxa6 12. Bxa6 Nxa6 13. Nc3 Nb4 14. Rd1
Nxa2 15. Nge2 Rfb8 16. O-O Rxb2 17. Nxa2 Raxa2 18. Nc1 Ra1 19. Nd3 Rxd1 20.
Rxd1 Rb3 21. Ne1 Nxd5 22. Rxd5 Rb1 23. f3 Rxe1+ 24. Kf2 Rb1 25. e4 Bd4+ 26. Kg3
f6 27. h4 Kf7 28. Kh3 Rh1+ 29. Kg3 h5 30. Bh6 e6 0-1

[Event "17th 4NCL Congress"]
[Site "Harrogate"]
[Date "2018.01.19"]
[Round "1"]
[Board "4"]
[White "HEBDEN, Mark L"]
[Black "WELLS, Jonathan C"]
[Result "1-0"]
[WhiteElo "2429"]
[BlackElo "1965"]
[PlyCount "57"]
[EventDate "2018.01.19"]
[EventRounds "5"]
[EventCountry "ENG"]

1. d4 Nf6 2. Bf4 g6 3. Nc3 d5 4. Qd2 Bg7 5. Bh6 O-O 6. Bxg7 Kxg7 7. e3 b6 8. f3
c5 9. g4 cxd4 10. exd4 Qd6 11. O-O-O Ba6 12. Bxa6 Nxa6 13. Nge2 Rac8 14. h4 h5
15. gxh5 Nxh5 16. Rdg1 Rh8 17. Rg5 Nc7 18. Kb1 e6 19. Nd1 Ne8 20. Nf2 Nef6 21.
Nd3 Kf8 22. Ne5 Ke7 23. Qd3 Rh6 24. Re1 Rc7 25. Qe3 Rh7 26. Nf4 Nxf4 27. Qxf4
Nh5 28. Rxh5 gxh5 29. Qg5+ 1-0

[Event "17th 4NCL Congress"]
[Site "Harrogate"]
[Date "2018.01.19"]
[Round "1"]
[Board "5"]
[White "GARNETT, John S"]
[Black "MERRY, Alan B"]
[Result "0-1"]
[WhiteElo "1933"]
[BlackElo "2418"]
[PlyCount "78"]
[EventDate "2018.01.19"]
[EventRounds "5"]
[EventCountry "ENG"]

1. d4 Nf6 2. Bg5 d5 3. e3 c5 4. Bxf6 gxf6 5. c4 dxc4 6. Bxc4 cxd4 7. Nc3 Nc6 8.
Qh5 e6 9. O-O-O Qa5 10. Qxa5 Nxa5 11. Bb5+ Ke7 12. exd4 a6 13. Be2 Bd7 14. Nf3
Bg7 15. Rhe1 Rhd8 16. d5 Rac8 17. Kb1 f5 18. Bd3 Bxc3 19. bxc3 Kf6 20. Kb2 Ba4
21. Bc2 Nc4+ 22. Kc1 Bxc2 23. Kxc2 e5 24. Nd2 Nb6 25. Rb1 Rd6 26. g4 Nxd5 27.
Rxb7 Nxc3 28. g5+ Kxg5 29. Nf3+ Kf4 30. Nxe5 Ne4+ 31. Kb1 Rd2 32. Rb2 Rxb2+ 33.
Kxb2 Kxe5 34. f3 Rd8 35. fxe4 fxe4 36. Kc3 f5 37. Rb1 f4 38. Rb7 f3 39. Rf7 Rd6
 0-1

[Event "17th 4NCL Congress"]
[Site "Harrogate"]
[Date "2018.01.19"]
[Round "1"]
[Board "6"]
[White "WALL, Tim P"]
[Black "HAN, Yichen"]
[Result "1-0"]
[WhiteElo "2236"]
[BlackElo "1913"]
[PlyCount "81"]
[EventDate "2018.01.19"]
[EventRounds "5"]
[EventCountry "ENG"]

1. b3 e5 2. Bb2 Nc6 3. e3 Nf6 4. Bb5 Bd6 5. Ne2 O-O 6. O-O Re8 7. f4 a6 8. Bxc6
bxc6 9. fxe5 Bxe5 10. Bxe5 Rxe5 11. Nbc3 Nd5 12. e4 Nxc3 13. Nxc3 d5 14. Qf3
Be6 15. Qf4 Qg5 16. d4 Qxf4 17. Rxf4 Rg5 18. Re1 c5 19. h4 Rg3 20. Nxd5 Bxd5
21. exd5 cxd4 22. Rxd4 Rc3 23. Re2 Rd8 24. Kf2 Kf8 25. Rc4 Rxc4 26. bxc4 c6 27.
Rd2 cxd5 28. cxd5 Ke7 29. Ke3 Kd6 30. Kd4 Re8 31. c4 f5 32. c5+ Kc7 33. Kc4
Re4+ 34. Rd4 Re2 35. d6+ Kd8 36. c6 Rxg2 37. Kd5 Rb2 38. Ra4 Rb6 39. Rc4 Kc8
40. c7 f4 41. d7+ 1-0

[Event "17th 4NCL Congress"]
[Site "Harrogate"]
[Date "2018.01.19"]
[Round "1"]
[Board "7"]
[White "NIEDBAL, Piotr"]
[Black "MUNSON, Shaun D"]
[Result "1-0"]
[WhiteElo "1877"]
[BlackElo "2165"]
[PlyCount "127"]
[EventDate "2018.01.19"]
[EventRounds "5"]
[EventCountry "ENG"]

1. e4 c5 2. Nf3 Nc6 3. d4 cxd4 4. Nxd4 e5 5. Nb5 d6 6. c4 Be7 7. N1c3 a6 8. Na3
f5 9. exf5 Bxf5 10. Bd3 Be6 11. O-O Nf6 12. Nc2 O-O 13. Ne3 Qd7 14. Ned5 Bd8
15. Nxf6+ gxf6 16. Ne4 f5 17. Ng5 Bxg5 18. Bxg5 Qg7 19. Qh5 Rf7 20. Bh6 Qg6 21.
Qxg6+ hxg6 22. Be3 e4 23. Be2 f4 24. Bb6 Ne5 25. Rfd1 Bxc4 26. Bxc4 Nxc4 27.
Bd4 Re8 28. b3 Ne5 29. Bxe5 dxe5 30. Re1 e3 31. fxe3 f3 32. gxf3 Rxf3 33. Rad1
Re7 34. e4 Rf4 35. Rd6 Kg7 36. Re3 Rf6 37. Rd2 Rc6 38. Rf3 Rc1+ 39. Kg2 Re1 40.
Rd6 Rxe4 41. Rg3 Rf4 42. Rdxg6+ Kh7 43. R6g5 Rf6 44. Rh5+ Rh6 45. Rxh6+ Kxh6
46. Kf3 b5 47. Ke4 b4 48. Rf3 Kg5 49. Rf5+ Kg4 50. Rxe5 Rh7 51. Re6 Rxh2 52.
Rg6+ Kh5 53. Rxa6 Kg5 54. Kd4 Kf5 55. Kc5 Rh4 56. Ra4 Ke6 57. Rxb4 Rh5+ 58. Kc6
Ra5 59. a4 Ke7 60. Rd4 Ra8 61. Kc5 Ke6 62. Kb4 Ke5 63. Rd1 Ke4 64. a5 1-0

[Event "17th 4NCL Congress"]
[Site "Harrogate"]
[Date "2018.01.19"]
[Round "1"]
[Board "8"]
[White "WILLOW, Jonah B"]
[Black "HYMER, Barry J"]
[Result "1-0"]
[WhiteElo "2152"]
[BlackElo "1839"]
[PlyCount "73"]
[EventDate "2018.01.19"]
[EventRounds "5"]
[EventCountry "ENG"]

1. e4 g6 2. d4 Bg7 3. Nc3 c5 4. dxc5 Qa5 5. Bd2 Qxc5 6. Nd5 Na6 7. Be3 Qc6 8.
Bd4 Nf6 9. Bxa6 bxa6 10. Nf3 Bb7 11. O-O Rc8 12. c3 a5 13. Re1 Kf8 14. Ne5 Qd6
15. Nxf6 Bxf6 16. Nxf7 Kxf7 17. Qb3+ Qe6 18. Qxb7 Bxd4 19. cxd4 Rb8 20. Qxa7
Rxb2 21. Qxa5 Rhb8 22. a4 Qc4 23. Qd5+ Qxd5 24. exd5 Ra8 25. Ra3 Rd2 26. Rae3
Rxa4 27. Rxe7+ Kf6 28. Rxh7 Raxd4 29. Rxd7 Rxd5 30. Rxd5 Rxd5 31. g3 g5 32. Kg2
Kf5 33. Kf3 Rd2 34. Re8 g4+ 35. Kg2 Ra2 36. h3 gxh3+ 37. Kxh3 1-0

[Event "17th 4NCL Congress"]
[Site "Harrogate"]
[Date "2018.01.19"]
[Round "1"]
[Board "9"]
[White "RUSHBROOKE, Remy"]
[Black "SHAW, Peter"]
[Result "0-1"]
[WhiteElo "1834"]
[BlackElo "2122"]
[PlyCount "86"]
[EventDate "2018.01.19"]
[EventRounds "5"]
[EventCountry "ENG"]

1. d4 f5 2. Nc3 Nf6 3. Bg5 c6 4. Nh3 Qb6 5. a3 Qxb2 6. Bd2 Qb6 7. e3 e6 8. Na4
Qc7 9. c4 d6 10. Qb3 Be7 11. Bd3 O-O 12. O-O e5 13. dxe5 dxe5 14. c5+ Kh8 15.
Ng5 Nd5 16. e4 Bxg5 17. Bxg5 fxe4 18. Bxe4 Be6 19. Rab1 Rf7 20. Rfd1 Na6 21.
Qc2 h6 22. Bh4 Raf8 23. Bg3 Bf5 24. Qe2 Nf4 25. Qe3 Qa5 26. Bxf5 Rxf5 27. Qe4
Nxc5 28. Nxc5 Qxc5 29. Rxb7 Ne6 30. h3 Rxf2 31. Bxf2 Qxf2+ 32. Kh1 Nc5 33. Qxc6
Nxb7 34. Qxb7 Qe2 35. Rg1 a6 36. Kh2 e4 37. Qe7 Rf2 38. Qe6 Qf3 39. Qxa6 e3 40.
Qd3 Qf4+ 41. Kh1 Rd2 42. Rf1 Rxd3 43. Rxf4 e2 0-1

[Event "17th 4NCL Congress"]
[Site "Harrogate"]
[Date "2018.01.19"]
[Round "1"]
[Board "10"]
[White "JARMANY, John"]
[Black "TOWERS, Brian"]
[Result "1-0"]
[WhiteElo "2110"]
[BlackElo "1787"]
[PlyCount "105"]
[EventDate "2018.01.19"]
[EventRounds "5"]
[EventCountry "ENG"]

1. e4 d6 2. d4 Nf6 3. Nc3 e5 4. Nf3 Nbd7 5. g4 h6 6. Rg1 g5 7. Be3 Bg7 8. Qd2
c6 9. Be2 Qc7 10. h4 gxh4 11. Nxh4 Nf8 12. Nf5 Bxf5 13. gxf5 Rg8 14. O-O-O
O-O-O 15. dxe5 dxe5 16. Qxd8+ Qxd8 17. Rxd8+ Kxd8 18. Bxa7 N8d7 19. Be3 h5 20.
Rh1 Rh8 21. Kd2 Kc7 22. a4 Ng4 23. Bxg4 hxg4 24. Rg1 Nf6 25. f3 Rh2+ 26. Kd3
Rh4 27. Nd1 Bh8 28. fxg4 Nxg4 29. Nf2 Nxf2+ 30. Bxf2 Rh3+ 31. Rg3 Rxg3+ 32.
Bxg3 Bf6 33. Kc4 Kd6 34. b4 Bd8 35. Bf2 Bc7 36. a5 Bd8 37. Kb3 Bc7 38. Kc4 Bd8
39. Bc5+ Kd7 40. Bf8 Bh4 41. b5 Be1 42. Bb4 Bf2 43. b6 Be3 44. Bf8 Bf2 45. Bg7
Kd6 46. Bf8+ Kd7 47. Bc5 Be1 48. c3 Bg3 49. Kb4 Be1 50. Be3 Bh4 51. a6 bxa6 52.
Ka5 Kc8 53. Kxa6 1-0

[Event "17th 4NCL Congress"]
[Site "Harrogate"]
[Date "2018.01.19"]
[Round "1"]
[Board "11"]
[White "BOWMAN, Richard L"]
[Black "BURNETT, Jim"]
[Result "0-1"]
[WhiteElo "1765"]
[BlackElo "2103"]
[PlyCount "64"]
[EventDate "2018.01.19"]
[EventRounds "5"]
[EventCountry "ENG"]

1. d4 d5 2. Nf3 e6 3. e3 Nf6 4. Bd3 Be7 5. Ne5 O-O 6. Nd2 c5 7. c3 Qc7 8. f4 b6
9. O-O Ba6 10. Qe2 Bxd3 11. Qxd3 Nc6 12. Rf3 a6 13. Rh3 g6 14. b3 b5 15. Bb2
Rac8 16. Re1 Rfd8 17. Rg3 Ne4 18. Rh3 Nxe5 19. fxe5 c4 20. bxc4 bxc4 21. Qc2
Nxd2 22. Qxd2 Rb8 23. Qf2 Rf8 24. e4 dxe4 25. Rxe4 Qb7 26. Re2 f5 27. Rf3 Qd5
28. h3 Rb5 29. Kh2 Rfb8 30. Bc1 Rb1 31. Rb2 R8xb2 32. Bxb2 Qb5 0-1

[Event "17th 4NCL Congress"]
[Site "Harrogate"]
[Date "2018.01.19"]
[Round "1"]
[Board "12"]
[White "OKHAI, Shabir"]
[Black "THER, Mate"]
[Result "1-0"]
[WhiteElo "2078"]
[BlackElo "1576"]
[PlyCount "61"]
[EventDate "2018.01.19"]
[EventRounds "5"]
[EventCountry "ENG"]

1. e4 e5 2. Nf3 Nc6 3. Bc4 Bc5 4. c3 Nf6 5. d3 O-O 6. O-O d6 7. a4 a5 8. Na3
Be6 9. Qb3 Qd7 10. Nc2 Kh8 11. Be3 h6 12. d4 Bxc4 13. Qxc4 exd4 14. cxd4 Ba7
15. d5 Ne5 16. Nxe5 dxe5 17. Bxa7 Rxa7 18. f3 Rc8 19. Ne3 c6 20. Qc5 Raa8 21.
d6 Qe6 22. Rfd1 Nd7 23. Qc3 g6 24. Nc4 b6 25. Rac1 Ra6 26. Qd3 Rca8 27. Na3 Nc5
28. Rxc5 bxc5 29. d7 Rd8 30. Qxa6 Rxd7 31. Qc8+ 1-0

[Event "17th 4NCL Congress"]
[Site "Harrogate"]
[Date "2018.01.20"]
[Round "2"]
[Board "1"]
[White "VAKHIDOV, Jahongir"]
[Black "WILLOW, Jonah B"]
[Result "1-0"]
[WhiteElo "2516"]
[BlackElo "2152"]
[PlyCount "73"]
[EventDate "2018.01.19"]
[EventRounds "5"]
[EventCountry "ENG"]

1. c4 c5 2. Nf3 Nc6 3. Nc3 g6 4. g3 Bg7 5. Bg2 e6 6. d4 cxd4 7. Nb5 d5 8. cxd5
exd5 9. O-O Nge7 10. Nfxd4 O-O 11. Be3 a6 12. Nc3 Be6 13. Nxc6 bxc6 14. Na4 d4
15. Bg5 h6 16. Bd2 Rb8 17. b3 Rb5 18. Rc1 Bd5 19. e4 Be6 20. Nc5 Qb6 21. Nxe6
fxe6 22. Qg4 Rf6 23. Rfe1 d3 24. Rf1 h5 25. Qd1 Rf8 26. Be3 Qd8 27. Qd2 Rb7 28.
Rcd1 Rd7 29. Bh3 Kf7 30. Qc1 Re8 31. Bg5 Rd6 32. Qf4+ Kg8 33. e5 Rd4 34. Bxe6+
Kh7 35. Qf7 Kh8 36. Bf6 Bxf6 37. exf6 1-0

[Event "17th 4NCL Congress"]
[Site "Harrogate"]
[Date "2018.01.20"]
[Round "2"]
[Board "2"]
[White "SHAW, Peter"]
[Black "ADAIR, James R"]
[Result "0-1"]
[WhiteElo "2122"]
[BlackElo "2480"]
[PlyCount "100"]
[EventDate "2018.01.19"]
[EventRounds "5"]
[EventCountry "ENG"]

1. d4 d5 2. c4 e6 3. Nc3 c6 4. e3 Nf6 5. Nf3 Nbd7 6. Qc2 Bd6 7. b3 O-O 8. Be2
b6 9. O-O Bb7 10. Bb2 Qe7 11. Rad1 Rfe8 12. e4 Nxe4 13. Nxe4 dxe4 14. Qxe4 Rad8
15. Ne5 f5 16. Qe3 Nxe5 17. dxe5 Bc5 18. Bd4 Bxd4 19. Rxd4 Rxd4 20. Qxd4 Rd8
21. Qe3 c5 22. Rd1 Be4 23. f3 Rxd1+ 24. Bxd1 Qd8 25. Be2 Bb1 26. a3 a5 27. a4
Bc2 28. Kf1 Qd4 29. Qxd4 cxd4 30. c5 bxc5 31. Bc4 Kf7 32. g3 f4 33. g4 Bd1 34.
Kf2 g5 35. Kg2 h6 36. Kf2 Ke7 37. Kg2 d3 38. Bxd3 Bxb3 39. Bb5 Kd8 40. Kf2 Kc7
41. Ke1 Bd5 42. Be2 Kb6 43. Kd2 c4 44. Kc2 Bc6 45. Kc3 Bxa4 46. Bxc4 Kc5 47.
Bxe6 Bc6 48. Bc4 Bxf3 49. h3 Bg2 50. e6 Kd6 0-1

[Event "17th 4NCL Congress"]
[Site "Harrogate"]
[Date "2018.01.20"]
[Round "2"]
[Board "3"]
[White "WELLS, Peter K"]
[Black "JARMANY, John"]
[Result "1-0"]
[WhiteElo "2443"]
[BlackElo "2110"]
[PlyCount "85"]
[EventDate "2018.01.19"]
[EventRounds "5"]
[EventCountry "ENG"]

1. e4 c6 2. d4 d5 3. e5 c5 4. dxc5 Nc6 5. Nf3 e6 6. a3 Bxc5 7. b4 Bb6 8. Bb2
Nge7 9. Bd3 Ng6 10. h4 Qc7 11. Bxg6 hxg6 12. Nbd2 Qe7 13. c4 Bd7 14. Rc1 Rd8
15. c5 Bc7 16. b5 Na5 17. Qe2 Rc8 18. a4 Bd8 19. Qe3 Qf8 20. g3 a6 21. Ba3 Be7
22. c6 Bxa3 23. cxd7+ Kxd7 24. Rxc8 Kxc8 25. O-O axb5 26. axb5 Qc5 27. Qf4 Rf8
28. Qa4 b6 29. Rb1 Kb7 30. Nb3 Nxb3 31. Qa6+ Kb8 32. Rxb3 Bc1 33. Rb1 Rc8 34.
Ra1 Kc7 35. Qa7+ Kd8 36. Qxf7 Qe7 37. Qxg6 Bd2 38. Ra2 Bc3 39. Ng5 Kd7 40. Nxe6
Bxe5 41. Ra7+ Bc7 42. Nxc7 Rxc7 43. Qc6+ 1-0

[Event "17th 4NCL Congress"]
[Site "Harrogate"]
[Date "2018.01.20"]
[Round "2"]
[Board "4"]
[White "BURNETT, Jim"]
[Black "HEBDEN, Mark L"]
[Result "0-1"]
[WhiteElo "2103"]
[BlackElo "2429"]
[PlyCount "76"]
[EventDate "2018.01.19"]
[EventRounds "5"]
[EventCountry "ENG"]

1. d4 Nf6 2. c4 g6 3. g3 Bg7 4. Bg2 O-O 5. Nc3 d6 6. Nf3 Nc6 7. O-O Rb8 8. h3
a6 9. e4 b5 10. cxb5 axb5 11. Re1 e6 12. Qc2 b4 13. Ne2 Qd7 14. Be3 Bb7 15. Nd2
Rfc8 16. Rac1 Na5 17. b3 Qb5 18. Nf4 Qa6 19. Nd3 Ba8 20. f3 Nd7 21. Bf1 Qa7 22.
e5 Qb7 23. Bf2 c5 24. dxc5 dxe5 25. Bg2 Qc7 26. a3 bxa3 27. b4 Nc6 28. Qb3 a2
29. Ne4 Nd4 30. Qxa2 Bd5 31. Qb2 Nb5 32. Qb1 f5 33. Nd2 Qc6 34. Nc4 e4 35. fxe4
fxe4 36. Nf4 Nc3 37. Nxd5 exd5 38. Na5 Qa4 0-1

[Event "17th 4NCL Congress"]
[Site "Harrogate"]
[Date "2018.01.20"]
[Round "2"]
[Board "5"]
[White "MERRY, Alan B"]
[Black "OKHAI, Shabir"]
[Result "1-0"]
[WhiteElo "2418"]
[BlackElo "2078"]
[PlyCount "47"]
[EventDate "2018.01.19"]
[EventRounds "5"]
[EventCountry "ENG"]

1. e4 e5 2. Bc4 Nf6 3. d3 Nc6 4. Nc3 Na5 5. Qf3 c6 6. Nge2 d6 7. h3 Be7 8. O-O
O-O 9. Ng3 b5 10. Bb3 Nxb3 11. axb3 h6 12. Nf5 Bxf5 13. Qxf5 Qd7 14. Qf3 Nh7
15. Be3 Bg5 16. Ra6 Bxe3 17. Qxe3 Ng5 18. Rfa1 d5 19. exd5 cxd5 20. Qxe5 Rfd8
21. R6a5 a6 22. Nxb5 Re8 23. Qd6 Qb7 24. Qc7 1-0

[Event "17th 4NCL Congress"]
[Site "Harrogate"]
[Date "2018.01.20"]
[Round "2"]
[Board "6"]
[White "NIEDBAL, Piotr"]
[Black "WALL, Tim P"]
[Result "0-1"]
[WhiteElo "1877"]
[BlackElo "2236"]
[PlyCount "194"]
[EventDate "2018.01.19"]
[EventRounds "5"]
[EventCountry "ENG"]

1. e4 c5 2. Nf3 Nc6 3. d4 cxd4 4. Nxd4 Nf6 5. Nc3 d6 6. Bg5 e6 7. f4 Qb6 8. Nb3
Qe3+ 9. Qe2 Qxe2+ 10. Bxe2 a6 11. O-O-O Bd7 12. Bf3 h6 13. Bh4 Be7 14. Bg3 e5
15. Nd5 Rc8 16. Nb6 Rd8 17. Nc4 Be6 18. Nca5 Bxb3 19. Nxc6 bxc6 20. axb3 Nd7
21. fxe5 Nxe5 22. Bxe5 dxe5 23. Rxd8+ Kxd8 24. Rd1+ Kc7 25. c3 a5 26. Kc2 g6
27. Bg4 Bd6 28. Rf1 Rf8 29. Ra1 f5 30. Bf3 fxe4 31. Bxe4 Rf2+ 32. Kb1 Kb6 33.
Ra4 g5 34. Rc4 Bc5 35. b4 axb4 36. cxb4 Bd4 37. Rxc6+ Kb5 38. Rc2 Rf4 39. Re2
Kxb4 40. Kc2 Rf7 41. Kb1 Rf1+ 42. Kc2 Ra1 43. Bd5 Kc5 44. Be4 Kc4 45. Bd3+ Kb4
46. Be4 Rf1 47. Bd5 g4 48. h3 gxh3 49. gxh3 Rg1 50. Be6 Rg3 51. Bf5 Rb3 52. Kb1
Kc5 53. Ka2 Rf3 54. Bc8 Rg3 55. Bf5 Kd5 56. Kb1 Be3 57. Kc2 e4 58. b4 Ke5 59.
Bd7 Bd4 60. b5 Rc3+ 61. Kd1 Rb3 62. Rc2 Kf4 63. Ke2 Rg3 64. Bg4 Rg1 65. Bd7 Rg7
66. Bg4 Rb7 67. Rc4 Ke5 68. Rc6 Rxb5 69. Rxh6 Rb2+ 70. Kf1 Kf4 71. Ra6 Rb1+ 72.
Ke2 Rh1 73. Ra4 Rh2+ 74. Kf1 Be3 75. Rc4 Rf2+ 76. Ke1 Rb2 77. Ra4 Bd2+ 78. Kd1
Bc3 79. Rc4 Be5 80. Rc2 Rb1+ 81. Rc1 Rb3 82. Rc2 Bd4 83. Ke2 Re3+ 84. Kf1 Rg3
85. Ke2 Bc3 86. Kf1 Rd3 87. Rf2+ Ke3 88. Re2+ Kd4 89. Kg2 Bd2 90. Bf5 Be3 91.
h4 Rd1 92. Ra2 Ke5 93. Re2 Kf4 94. Bh7 Rg1+ 95. Kh3 Rg7 96. Bxe4 Kxe4 97. h5
Kf3 0-1

[Event "17th 4NCL Congress"]
[Site "Harrogate"]
[Date "2018.01.20"]
[Round "2"]
[Board "7"]
[White "ALTHAM, John T"]
[Black "MACKLIN, Paul"]
[Result "0-1"]
[WhiteElo "1810"]
[BlackElo "2329"]
[PlyCount "52"]
[EventDate "2018.01.19"]
[EventRounds "5"]
[EventCountry "ENG"]

1. d4 d6 2. Bf4 Nf6 3. Nf3 g6 4. Nc3 Bg7 5. e4 c6 6. a4 O-O 7. Qd2 Bg4 8. Bc4
d5 9. exd5 Bxf3 10. gxf3 cxd5 11. Be2 Nc6 12. O-O-O e6 13. Bh6 Nxd4 14. Bxg7
Nxe2+ 15. Nxe2 Kxg7 16. h4 e5 17. h5 Rc8 18. Rdg1 Qd7 19. Ng3 Qxa4 20. Kb1 Kh8
21. Nf5 Rc7 22. Rh4 d4 23. hxg6 fxg6 24. Rxg6 Nd5 25. Nxd4 exd4 26. Rxd4 Qe8
 0-1

[Event "17th 4NCL Congress"]
[Site "Harrogate"]
[Date "2018.01.20"]
[Round "2"]
[Board "8"]
[White "STARLEY, Robert"]
[Black "SHEPPARD, Derek A"]
[Result "1-0"]
[WhiteElo "2079"]
[BlackElo "1807"]
[PlyCount "138"]
[EventDate "2018.01.19"]
[EventRounds "5"]
[EventCountry "ENG"]

1. e4 c5 2. Nf3 g6 3. d4 cxd4 4. Nxd4 Nc6 5. Be3 Bg7 6. Nc3 Nf6 7. Nxc6 bxc6 8.
e5 Ng8 9. f4 Nh6 10. Be2 Nf5 11. Bf2 h5 12. O-O O-O 13. Qd3 d6 14. exd6 exd6
15. Rad1 d5 16. Na4 Qa5 17. b3 Re8 18. c3 Nd6 19. Bd4 Bf5 20. Qa6 Qxa6 21. Bxa6
Re7 22. Bxg7 Kxg7 23. Nc5 Rae8 24. c4 Ne4 25. Na4 Be6 26. cxd5 Bxd5 27. Rd3 f5
28. Rc1 Kf6 29. Bc4 Bxc4 30. Rxc4 Re6 31. Rc2 Rc8 32. Nb2 c5 33. Nc4 Rcc6 34.
Kf1 Kf7 35. Rd5 Nf6 36. Re5 Nd7 37. Rxe6 Rxe6 38. Re2 Rxe2 39. Kxe2 Ke6 40. Ne3
Nb6 41. g3 Nd5 42. Nd1 Nb4 43. Nc3 Nd5 44. Na4 Kd6 45. a3 Nb6 46. Nb2 Kd5 47.
Kd3 a6 48. h3 Nd7 49. Nc4 Kc6 50. Nd2 Kd5 51. Nf3 a5 52. Nh4 Nf8 53. a4 Kd6 54.
Kc4 Kc6 55. Nf3 Nd7 56. h4 Nb6+ 57. Kc3 Nd7 58. Nd2 Nf6 59. Kc4 Ne4 60. Nf3
Nd6+ 61. Kd3 Nf7 62. Nd2 Nd6 63. Nc4 Ne4 64. Nxa5+ Kb6 65. Nc4+ Kc7 66. Ne5
Nxg3 67. Nxg6 Kb6 68. Ne7 Ka5 69. Kc4 Ne2 1-0

[Event "17th 4NCL Congress"]
[Site "Harrogate"]
[Date "2018.01.20"]
[Round "2"]
[Board "9"]
[White "SOMTON, Anita"]
[Black "NICHOLSON, Jim Wr"]
[Result "1-0"]
[WhiteElo "1790"]
[BlackElo "1999"]
[PlyCount "91"]
[EventDate "2018.01.19"]
[EventRounds "5"]
[EventCountry "ENG"]

1. e4 c6 2. d4 d5 3. exd5 cxd5 4. Bd3 Nc6 5. c3 Qc7 6. Ne2 Bg4 7. f3 Bd7 8. Na3
a6 9. Nc2 Nf6 10. O-O e6 11. Bf4 Bd6 12. Bxd6 Qxd6 13. Qd2 O-O 14. Ng3 Na5 15.
Na3 b5 16. b4 Nc4 17. Nxc4 bxc4 18. Bc2 a5 19. a4 axb4 20. cxb4 Ra7 21. b5 Rfa8
22. Qc3 Qb6 23. Rfe1 Ne8 24. Rab1 Nd6 25. Ne2 Nf5 26. Kh1 Rc8 27. Rb4 Nd6 28.
Reb1 Be8 29. Qe3 Rac7 30. Nc3 Nb7 31. Re1 Rd7 32. f4 g6 33. g4 Qd6 34. Rbb1 Nd8
35. a5 Ra8 36. a6 Qb6 37. Na4 Qa5 38. Nc5 Re7 39. f5 gxf5 40. Qg5+ Kf8 41. Qh6+
Kg8 42. gxf5 f6 43. Rg1+ Bg6 44. fxg6 Nc6 45. gxh7+ Kh8 46. Qxf6+ 1-0

[Event "17th 4NCL Congress"]
[Site "Harrogate"]
[Date "2018.01.20"]
[Round "2"]
[Board "10"]
[White "DORAN, Chris"]
[Black "WINTER, Kevin"]
[Result "1-0"]
[WhiteElo "1979"]
[BlackElo "1786"]
[PlyCount "55"]
[EventDate "2018.01.19"]
[EventRounds "5"]
[EventCountry "ENG"]

1. e4 b6 2. d4 Bb7 3. Bd3 Nf6 4. Qe2 Nc6 5. c3 e5 6. Nf3 exd4 7. Nxd4 Nxd4 8.
cxd4 Bb4+ 9. Bd2 Qe7 10. a3 Bxd2+ 11. Nxd2 O-O 12. O-O d5 13. e5 Nd7 14. f4 c5
15. Nf3 f5 16. Rac1 c4 17. Bb1 b5 18. g4 fxg4 19. Ng5 g6 20. Qxg4 Bc8 21. f5 h5
22. Qg3 Nb6 23. f6 Qd7 24. e6 Qc6 25. e7 Rxf6 26. Rxf6 Qxf6 27. e8=Q+ Kg7 28.
Qee5 1-0

[Event "17th 4NCL Congress"]
[Site "Harrogate"]
[Date "2018.01.20"]
[Round "2"]
[Board "11"]
[White "AKEYA-PRICE, Robert A"]
[Black "MUNSHI, Aditya"]
[Result "1-0"]
[WhiteElo "1756"]
[BlackElo "1968"]
[PlyCount "130"]
[EventDate "2018.01.19"]
[EventRounds "5"]
[EventCountry "ENG"]

1. d4 Nf6 2. c4 e6 3. Nf3 d5 4. g3 Be7 5. Bg2 O-O 6. Qc2 c5 7. O-O cxd4 8. Nxd4
e5 9. Nf5 d4 10. f4 Bc5 11. Kh1 e4 12. Bxe4 Nxe4 13. Qxe4 Bd7 14. Qe5 Qf6 15.
Qxc5 Bxf5 16. Nd2 Re8 17. Re1 Na6 18. Qb5 h5 19. Nf3 Be4 20. Bd2 d3 21. Bc3 Qg6
22. Kg1 dxe2 23. Ne5 Qf5 24. Rxe2 f6 25. Rae1 Rxe5 26. Bxe5 Bc6 27. Qb3 Nc5 28.
Qc3 Ne4 29. Qd3 fxe5 30. Rxe4 Bxe4 31. Qxe4 Qh3 32. Qxe5 Rd8 33. Qe6+ Qxe6 34.
Rxe6 Rd1+ 35. Kf2 Rh1 36. Re2 Rxh2+ 37. Kf3 Rh1 38. b3 Kf7 39. Ke4 Rd1 40. Ke3
Rb1 41. Kf3 Rd1 42. Re5 Rd2 43. Rxh5 Rxa2 44. Rb5 b6 45. Rd5 Ra3 46. Rd3 Ke7
47. Ke4 Ra5 48. g4 Rc5 49. Rd5 Rc6 50. g5 a5 51. Kf5 Re6 52. Re5 g6+ 53. Ke4
Kd6 54. Kd4 Kd7 55. Kd5 Rd6+ 56. Ke4 Kc6 57. f5 gxf5+ 58. Kxf5 Rd3 59. Rb5 Rg3
60. Kf6 Rg4 61. g6 a4 62. bxa4 Rxc4 63. g7 Rxa4 64. Rg5 Rf4+ 65. Rf5 Rg4 1-0

[Event "17th 4NCL Congress"]
[Site "Harrogate"]
[Date "2018.01.20"]
[Round "2"]
[Board "12"]
[White "SIMPSON, Derek"]
[Black "VICKERY, Jim E"]
[Result "1/2-1/2"]
[WhiteElo "1659"]
[BlackElo "1942"]
[PlyCount "38"]
[EventDate "2018.01.19"]
[EventRounds "5"]
[EventCountry "ENG"]

1. d4 Nf6 2. Nf3 g6 3. e3 Bg7 4. Be2 O-O 5. O-O d6 6. c4 Nbd7 7. Nc3 e5 8. b4
c6 9. a4 Re8 10. b5 e4 11. Ne1 d5 12. c5 Nf8 13. Nc2 N6d7 14. Nb4 Qc7 15. a5 a6
16. bxa6 bxa6 17. Bd2 Nb8 18. Na4 Bb7 19. Nb6 Ra7 1/2-1/2